Hybird finit element method for stress analysis of luminated composites (Record no. 299083)

000 -LEADER
fixed length control field 00353 a2200133 4500
001 - CONTROL NUMBER
control field 64010
003 - CONTROL NUMBER IDENTIFIER
control field NUST
005 - DATE AND TIME OF LATEST TRANSACTION
control field 20180119091430.0
008 - FIXED-LENGTH DATA ELEMENTS--GENERAL INFORMATION
fixed length control field 180119b xxu||||| |||| 00| 0 eng d
082 ## - DEWEY DECIMAL CLASSIFICATION NUMBER
Classification number 620.1124 HOA
100 ## - MAIN ENTRY--PERSONAL NAME
Personal name Hoa, Vansung
9 (RLIN) 9029
245 ## - TITLE STATEMENT
Title Hybird finit element method for stress analysis of luminated composites
Medium English
260 ## - PUBLICATION, DISTRIBUTION, ETC.
Place of publication, distribution, etc. USA
Name of publisher, distributor, etc. KAP
Date of publication, distribution, etc. 1998
300 ## - PHYSICAL DESCRIPTION
Extent 298p
500 ## - GENERAL NOTE
General note General Books
505 ## - FORMATTED CONTENTS NOTE
Formatted contents note NUST Books
942 ## - ADDED ENTRY ELEMENTS (KOHA)
Institution code [OBSOLETE] NUST CAE
Call number prefix 620.1124 HOA
Koha item type Book
Source of classification or shelving scheme
Holdings
Withdrawn status Lost status Damaged status Not for loan Collection code Permanent Location Current Location Date acquired Total Checkouts Full call number Barcode Date last seen Price effective from Koha item type
          College of Aeronautical Engineering (CAE) College of Aeronautical Engineering (CAE) 04/03/2017   620.1124 HOA CAEN-014 04/05/2017 04/05/2017 Book
© 2023 Central Library, National University of Sciences and Technology. All Rights Reserved.